National Assembly Library of Thailand

มาตรฐานวิชาชีพและคุณวุฒิวิชาชีพ กลุ่มวิชาชีพโรงแรมและภัตตาคาร [CD-ROM] (ระเบียนเลขที่ 71401)

รายละเอียดในรูปแบบ MARC
000 -LEADER
fixed length control field 01028nma a22002177a 4500
005 - DATE AND TIME OF LATEST TRANSACTION
control field 20210325212428.0
006 - FIXED-LENGTH DATA ELEMENTS--ADDITIONAL MATERIAL CHARACTERISTICS
fixed length control field g q ||
008 - FIXED-LENGTH DATA ELEMENTS--GENERAL INFORMATION
fixed length control field s2555 th tha d
041 ## - LANGUAGE CODE
Language code of text/sound track or separate title tha
090 ## - LOCALLY ASSIGNED LC-TYPE CALL NUMBER (OCLC); LOCAL CALL NUMBER (RLIN)
Classification number (OCLC) (R) ; Classification number, CALL (RLIN) (NR) CD2271
245 10 - TITLE STATEMENT
Title มาตรฐานวิชาชีพและคุณวุฒิวิชาชีพ กลุ่มวิชาชีพโรงแรมและภัตตาคาร [CD-ROM]
260 3# - PUBLICATION, DISTRIBUTION, ETC.
Place of publication, distribution, etc. กรุงเทพฯ :
Name of publisher, distributor, etc. สำนักงานเลขาธิการสภาการศึกษา,
Date of publication, distribution, etc. 2555
300 ## - PHYSICAL DESCRIPTION
Extent 1 แผ่น :
Other physical details Sd., Col.
610 ## - SUBJECT ADDED ENTRY--CORPORATE NAME
Corporate name or jurisdiction name as entry element สำนักงานเลขาธิการสภาการศึกษา
650 04 - SUBJECT ADDED ENTRY--TOPICAL TERM
Topical term or geographic name entry element มาตรฐานการทำงาน
650 04 - SUBJECT ADDED ENTRY--TOPICAL TERM
Topical term or geographic name entry element โรงแรม
850 ## - HOLDING INSTITUTION
Holding institution NALT
942 ## - ADDED ENTRY ELEMENTS (KOHA)
Koha item type CD
997 ## -
-- 000000000071401
-- VC
998 ## - LOCAL CONTROL INFORMATION (RLIN)
-- นายนายสมเกียรติ หะรังศรี
รายการที่มีในห้องสมุด
Withdrawn status Lost status Damaged status Not for loan Collection code Home library Current library Source of acquisition Total Checkouts Full call number Barcode Date last seen Price effective from Koha item type
        Audio-Visual Materials collection National Assembly Library of Thailand National Assembly Library of Thailand บริจาค   CD 2271 3961197176 09/06/2017 09/06/2017 CD
หอสมุดรัฐสภา
สำนักงานเลขาธิการสภาผู้แทนราษฎร เลขที่ 1111 ถนนสามเสน แขวงถนนนครไชยศรี เขตดุสิต กรุงเทพฯ 10300
The Secretariat of the House of Representatives 1111 Samsen Road, Thanon Nakhon Chai Si, Dusit, Bangkok 10300, THAILAND
โทรศัพท์: +66(0) 2242 5900 ต่อ 5714-5 โทรสาร: +66(0) 2242 5990 อีเมล: [email protected]